Online
Catalog

Carácteres y funciones de las asociaciones voluntarias en las democrácias occidentales: Notas específicas entre las élites andaluzas / (Record no. 31462)

MARC details
000 -CABECERA
campo de control de longitud fija 00643nam a2200157 a 4500
001 - NÚMERO DE CONTROL
campo de control 000031971
005 - FECHA Y HORA DE LA ÚLTIMA TRANSACCIÓN
campo de control 20200930063325.0
008 - DATOS DE LONGITUD FIJA--INFORMACIÓN GENERAL
campo de control de longitud fija 110707s1983 mx 000 0 spa d
020 ## - NÚMERO INTERNACIONAL ESTÁNDAR DEL LIBRO
Número Internacional Estándar del Libro 8486008204
040 ## - FUENTE DE LA CATALOGACIÓN
Centro catalogador/agencia de origen DO-SdBNP
Lengua de catalogación spa
Centro/agencia transcriptor BNPHU
100 1# - ENTRADA PRINCIPAL--NOMBRE DE PERSONA
Nombre de persona Bonachela Mesas, Manuel.
9 (RLIN) 58137
245 10 - MENCIÓN DE TÍTULO
Título Carácteres y funciones de las asociaciones voluntarias en las democrácias occidentales: Notas específicas entre las élites andaluzas /
Mención de responsabilidad, etc. Manuel Bonachela Mesas ; prólogo, Francisco Murillo Ferrol.
246 14 - FORMA VARIANTE DE TÍTULO
Título propio/Titulo breve Las élites Andaluzas
260 ## - PUBLICACIÓN, DISTRIBUCIÓN, ETC.
Lugar de publicación, distribución, etc. México :
Nombre del editor, distribuidor, etc. Editorial Mezquita :
-- Alhambra, distribuidor,
Fecha de publicación, distribución, etc. 1983.
300 ## - DESCRIPCIÓN FÍSICA
Extensión xx, 261 p. ;
Dimensiones 19 cm.
Holdings
Estado de retiro Estado de pérdida Restricciones de uso No para préstamo Código de colección Localización permanente Ubicación/localización actual Ubicación en estantería Fecha de adquisición Número de inventario Total de préstamos Signatura topográfica completa Código de barras Fecha visto por última vez Precio válido a partir de Tipo de ítem Koha
      Excluido de préstamo Monografías: Libros y Folletos General General En catalogación 07.07.2011 LF1   31971-10 25.06.2020 25.06.2020 No se presta

Powered by Koha